MARC

LEADER 00000nam0a2200000 4500
001 71534
005 20231101212604.0
035 |a (RuTPU)RU\TPU\book\76177 
090 |a 71534 
100 |a 20041220d1960 m y0rusy50 ca 
101 0 |a rus 
102 |a RU 
105 |a a j 001zy 
200 1 |a Кристаллохимия  |e учебное пособие для вузов  |f Г. Б. Бокий 
205 |a 2-е изд. 
210 |a Москва  |c Изд-во МГУ  |d 1960 
215 |a 357 с.  |c ил. 
320 |a Библиогр.: с. 353. 
606 1 |a Кристаллохимия  |2 stltpush  |3 (RuTPU)RU\TPU\subj\16345  |9 42439 
610 1 |a кристаллография 
610 1 |a кристаллы 
610 1 |a симметрия 
610 1 |a многогранники 
610 1 |a структура 
610 1 |a простые вещества 
610 1 |a химические соединения 
610 1 |a неорганические соединения 
610 1 |a органические соединения 
610 1 |a учебные пособия 
675 |a 548.3(075.8)  |v 3 
700 1 |a Бокий  |b Г. Б.  |g Георгий Борисович 
801 1 |a RU  |b 63413507  |c 20041220  |g PSBO 
801 2 |a RU  |b 63413507  |c 20210601  |g PSBO 
942 |c BK